Central Library OPAC University of Rajshahi

Common sense about young offenders / (Record no. 48437)

MARC details
000 -LEADER
fixed length control field 00740nam a2200241 a 4500
001 - CONTROL NUMBER
control field 48437
003 - CONTROL NUMBER IDENTIFIER
rucl marc code BD-RjUL
005 - DATE AND TIME OF LATEST TRANSACTION
control field 20211209054526.0
008 - FIXED-LENGTH DATA ELEMENTS--GENERAL INFORMATION
fixed length control field 750507s1962 enk 000 0 eng
035 ## - SYSTEM CONTROL NUMBER
System control number (BD-RjUL)48556
System control number (OCoLC)1316368
040 ## - CATALOGING SOURCE
Original cataloging agency DLC
Transcribing agency FO
Modifying agency DLC
-- BD-RjUL
Language of cataloging eng
041 ## - LANGUAGE CODE
Language code of text/sound track or separate title eng
082 ## - DEWEY DECIMAL CLASSIFICATION NUMBER
Classification number 364.36
Edition number 23
Author mark and year WIC 1962
100 10 - MAIN ENTRY--PERSONAL NAME
Personal name Wills, W. David
Fuller form of name (William David),
Dates associated with a name 1903-1980.
9 (RLIN) 146502
245 10 - TITLE STATEMENT
Title Common sense about young offenders /
Statement of responsibility, etc. by W. David Wills
260 ## - PUBLICATION, DISTRIBUTION, ETC. (IMPRINT)
Place of publication, distribution, etc. London :
Name of publisher, distributor, etc. Victor gollancz ltd.,
Date of publication, distribution, etc. c1962
300 ## - PHYSICAL DESCRIPTION
Pagination 175 p. ;
Size 22 cm.
490 0# - SERIES STATEMENT
Series statement The Common sense series
650 #0 - SUBJECT ADDED ENTRY--TOPICAL TERM
Topical term or geographic name as entry element Juvenile delinquency
Geographic subdivision Great Britain.
9 (RLIN) 146503
830 ## - SERIES ADDED ENTRY--UNIFORM TITLE
Uniform title The Common sense series
942 ## - ADDED ENTRY ELEMENTS (KOHA)
Source of classification or shelving scheme Dewey Decimal Classification
Koha item type Books
Holdings
Lost status Source of classification or shelving scheme Damaged status Not for loan Collection code Permanent Location Current Location Shelving location Date acquired Source of acquisition Total Checkouts Full call number Date last seen Copy number Koha item type Cost, normal purchase price
  Dewey Decimal Classification     Non-fiction Central Library, University of Rajshahi Central Library, University of Rajshahi   17/03/1966 Zeitlinger   364.36 WIC 1962 14/08/2016 C-2 Books  
  Dewey Decimal Classification     Non-fiction Central Library, University of Rajshahi Central Library, University of Rajshahi   17/03/1966 Zeitlinger   364.36 WIC 1962 14/08/2016 C-3 Books  
  Dewey Decimal Classification   Not For Loan Non-fiction Central Library, University of Rajshahi Central Library, University of Rajshahi Reading Room 02/01/1968 Zeitlinger   364.36 WIC 1962 14/08/2016 C-1 Books 12.60
  Dewey Decimal Classification     Non-fiction Central Library, University of Rajshahi Central Library, University of Rajshahi   02/01/1968 Zeitlinger   364.36 EIC 1962 14/08/2016 C-4 Books 12.60